000 00370nam a2200145Ia 4500
008 230917s9999||||xx |||||||||||||| ||und||
040 _e118287
_aMAIN
041 _aEnglish
082 _a553.7 F775M
100 _aForstner,U.
245 0 _aMetal pollution in the aguatic environment
260 _aNew york
_bSpringer-Verlag
_c1979
300 _a486p. p.
942 _cBK
999 _c202025
_d202025